<?xml version="1.0" encoding="UTF-8"?>
<record
    xmlns:xsi="http://www.w3.org/2001/XMLSchema-instance"
    xsi:schemaLocation="http://www.loc.gov/MARC21/slim http://www.loc.gov/standards/marcxml/schema/MARC21slim.xsd"
    xmlns="http://www.loc.gov/MARC21/slim">

  <leader>00851nam a22002297a 4500</leader>
  <controlfield tag="001">44212</controlfield>
  <controlfield tag="003">BD-RjUL</controlfield>
  <controlfield tag="005">20211209053821.0</controlfield>
  <controlfield tag="008">160714s1977    bg ||||| |||| 00| 0 ben d</controlfield>
  <datafield tag="020" ind1=" " ind2=" ">
    <subfield code="c">: TK 8.00 </subfield>
  </datafield>
  <datafield tag="035" ind1=" " ind2=" ">
    <subfield code="a">(BD-RjUL)44330</subfield>
  </datafield>
  <datafield tag="040" ind1=" " ind2=" ">
    <subfield code="a">BD-RjUL</subfield>
    <subfield code="b">ben </subfield>
    <subfield code="c">BD-RjUL</subfield>
  </datafield>
  <datafield tag="041" ind1=" " ind2=" ">
    <subfield code="a">ben </subfield>
  </datafield>
  <datafield tag="082" ind1=" " ind2=" ">
    <subfield code="2">23 </subfield>
    <subfield code="a">016.297 </subfield>
    <subfield code="b">BAN 1977 </subfield>
  </datafield>
  <datafield tag="245" ind1="0" ind2="0">
    <subfield code="a">&#x9AC;&#x9BE;&#x982;&#x9B2;&#x9BE; &#x9AD;&#x9BE;&#x9B7;&#x9BE;&#x9AF;&#x9BC; &#x987;&#x9B8;&#x9B2;&#x9BE;&#x9AE;&#x9C0; &#x9AA;&#x9C1;&#x9B8;&#x9CD;&#x9A4;&#x995;&#x9C7;&#x9B0; &#x9A4;&#x9BE;&#x9B2;&#x9BF;&#x995;&#x9BE; / </subfield>
  </datafield>
  <datafield tag="260" ind1=" " ind2=" ">
    <subfield code="a">&#x9A2;&#x9BE;&#x995;&#x9BE; :</subfield>
    <subfield code="b">&#x987;&#x9B8;&#x9B2;&#x9BE;&#x9AE;&#x9BF;&#x995; &#x9AB;&#x9BE;&#x989;&#x9A8;&#x9CD;&#x9A1;&#x9C7;&#x9B6;&#x9A8;, </subfield>
    <subfield code="c">&#x9E7;&#x9EF;&#x9ED;&#x9ED; </subfield>
  </datafield>
  <datafield tag="300" ind1=" " ind2=" ">
    <subfield code="a">&#x9E7;&#x9EF;&#x9EA; &#x9AA;&#x9C3;. ; </subfield>
    <subfield code="c">&#x9E8;&#x9E7; &#x9B8;&#x9C7;&#x9AE;&#x9BF;. </subfield>
  </datafield>
  <datafield tag="650" ind1=" " ind2=" ">
    <subfield code="a">&#x997;&#x9CD;&#x9B0;&#x9A8;&#x9CD;&#x9A5;&#x9AA;&#x99E;&#x9CD;&#x99C;&#x9BF; </subfield>
    <subfield code="x">&#x987;&#x9B8;&#x9B2;&#x9BE;&#x9AE; </subfield>
    <subfield code="9">135755</subfield>
  </datafield>
  <datafield tag="650" ind1=" " ind2=" ">
    <subfield code="a">Bibliography </subfield>
    <subfield code="x">Islam </subfield>
    <subfield code="9">127028</subfield>
  </datafield>
  <datafield tag="700" ind1=" " ind2=" ">
    <subfield code="a">&#x9B0;&#x9BE;&#x99C;&#x9CD;&#x99C;&#x9BE;&#x995;, &#x9AE;&#x9CB;&#x983; &#x986;&#x9AC;&#x9A6;&#x9C1;&#x9B0;, &#x9B8;&#x982;&#x995;&#x9B2;&#x9BF;&#x9A4; </subfield>
    <subfield code="9">135756</subfield>
  </datafield>
  <datafield tag="942" ind1=" " ind2=" ">
    <subfield code="2">ddc</subfield>
    <subfield code="c">BK</subfield>
  </datafield>
  <datafield tag="999" ind1=" " ind2=" ">
    <subfield code="c">44212</subfield>
    <subfield code="d">44212</subfield>
  </datafield>
  <datafield tag="952" ind1=" " ind2=" ">
    <subfield code="0">0</subfield>
    <subfield code="1">0</subfield>
    <subfield code="2">ddc</subfield>
    <subfield code="4">0</subfield>
    <subfield code="7">0</subfield>
    <subfield code="8">NFIC</subfield>
    <subfield code="a">RUCL</subfield>
    <subfield code="b">RUCL</subfield>
    <subfield code="c">Stack</subfield>
    <subfield code="d">1978-05-04</subfield>
    <subfield code="e">Ureka Book Akademi, Rajshahi</subfield>
    <subfield code="g">8.00</subfield>
    <subfield code="l">0</subfield>
    <subfield code="o">BR 016.297  BAN 1977</subfield>
    <subfield code="r">2016-07-14 00:00:00</subfield>
    <subfield code="t">C-2</subfield>
    <subfield code="w">2016-07-14</subfield>
    <subfield code="y">BK</subfield>
  </datafield>
  <datafield tag="952" ind1=" " ind2=" ">
    <subfield code="0">0</subfield>
    <subfield code="1">0</subfield>
    <subfield code="2">ddc</subfield>
    <subfield code="4">0</subfield>
    <subfield code="7">0</subfield>
    <subfield code="8">NFIC</subfield>
    <subfield code="a">RUCL</subfield>
    <subfield code="b">RUCL</subfield>
    <subfield code="c">Stack</subfield>
    <subfield code="d">1978-05-04</subfield>
    <subfield code="e">Ureka Book Akademi, Rajshahi</subfield>
    <subfield code="g">8.00</subfield>
    <subfield code="l">0</subfield>
    <subfield code="o">BR 016.297  BAN 1977</subfield>
    <subfield code="r">2016-07-18 00:00:00</subfield>
    <subfield code="t">C-3</subfield>
    <subfield code="w">2016-07-18</subfield>
    <subfield code="y">BK</subfield>
  </datafield>
  <datafield tag="952" ind1=" " ind2=" ">
    <subfield code="0">0</subfield>
    <subfield code="1">0</subfield>
    <subfield code="2">ddc</subfield>
    <subfield code="4">0</subfield>
    <subfield code="7">1</subfield>
    <subfield code="8">NFIC</subfield>
    <subfield code="a">RUCL</subfield>
    <subfield code="b">RUCL</subfield>
    <subfield code="c">Reference</subfield>
    <subfield code="d">1978-05-04</subfield>
    <subfield code="e">Eureka Book Agency, Rajshahi</subfield>
    <subfield code="g">8.00</subfield>
    <subfield code="l">0</subfield>
    <subfield code="o">BR 016.297  BAN 1977</subfield>
    <subfield code="r">2016-12-05 00:00:00</subfield>
    <subfield code="t">C-1</subfield>
    <subfield code="w">2021-12-09</subfield>
    <subfield code="y">BK</subfield>
  </datafield>
</record>
